[Event "24th Politiken Cup"]
[Site "Copenhagen DEN"]
[Date "2002.07.21"]
[Round "7"]
[White "Adamski,J"]
[Black "Cazzaniga,W"]
[Result "1-0"]
[WhiteElo "2304"]
[BlackElo "2121"]

1.Nf3 Nf6 2.c4 g6 3.Nc3 Bg7 4.e4 d6 5.d4 O-O 6.Be2 e5 7.Be3 Nc6 8.d5 Ne7
9.Nd2 Ne8 10.O-O f5 11.f3 f4 12.Bf2 g5 13.c5 Ng6 14.Nc4 Rf7 15.cxd6 cxd6
16.Nb5 a6 17.Nb6 Rb8 18.Na7 Bd7 19.Rc1 g4 20.fxg4 Bf6 21.Rc3 Bh4 22.Nxd7 Bxf2+
23.Rxf2 Rxd7 24.g5 Qxg5 25.Bg4 Rg7 26.Be6+ Kh8 27.Nc8 Qd8 28.Qb3 Nf6 29.Qb4 Ne8
30.Nb6 Nh4 31.Rfc2 h6 32.Bh3 Rc7 33.Rxc7 Nxc7 34.Nd7  1-0

[Event "XVIII Open"]
[Site "Ferrol ESP"]
[Date "2002.07.21"]
[Round "5"]
[White "Diaz Nunez,A"]
[Black "Bernal Moro,L"]
[Result "1/2-1/2"]
[WhiteElo "2146"]
[BlackElo "2407"]

1.Nf3 Nf6 2.c4 d6 3.d4 g6 4.Nc3 Nbd7 5.e4 e5 6.Be2 Bg7 7.O-O O-O 8.Re1 c6
9.Bf1 Qe7 10.d5 a5 11.Qc2 Nc5 12.Be3 Bd7 13.Bxc5 dxc5 14.Na4 Rfd8 15.Rad1 Bg4
16.Re3 Bf8 17.h3 Bxf3 18.Rxf3 Ne8 19.g3 Qc7 20.b3 Rab8  1/2-1/2

[Event "TCh-POL Jun"]
[Site "Laczna POL"]
[Date "2002.07.21"]
[Round "8"]
[White "Ciolek,M"]
[Black "Stopa,Ja"]
[Result "0-1"]
[WhiteElo "2068"]
[BlackElo "2237"]

1.d4 Nf6 2.c4 g6 3.Nf3 Bg7 4.Nc3 O-O 5.e4 d6 6.Be2 Nbd7 7.O-O e5 8.d5 Nc5
9.Qc2 a5 10.b3 Nh5 11.Be3 b6 12.a3 f5 13.Bxc5 bxc5 14.Rab1 Nf6 15.Nd2 Bh6
16.Rfe1 Kh8 17.b4 axb4 18.axb4 cxb4 19.Rxb4 Bxd2 20.Qxd2 f4 21.h3 g5 22.Reb1 g4
23.hxg4 Bxg4 24.R4b3 Rg8 25.Qd3 Qd7 26.Kf1 Qg7 27.Bxg4 Nxg4 28.Qh3 Raf8 29.Ke2 Rf6
30.Rb8 Rh6 31.Rxg8+ Qxg8 32.Qd3 Nh2 33.Rb7 Qxg2 34.Rxc7 Rh3 35.Rc8+ Kg7 36.Rc7+ Kf6
37.Qc2 Re3+ 38.Kd2  0-1

[Event "Capital of Siberia Open"]
[Site "Novosibirsk RUS"]
[Date "2002.07.21"]
[Round "3"]
[White "Kopiylov,A"]
[Black "Sisabaev,Kuanysh"]
[Result "1/2-1/2"]
[WhiteElo "2368"]
[BlackElo "2219"]

1.d4 Nf6 2.c4 g6 3.Nc3 Bg7 4.e4 O-O 5.Nf3 d6 6.Be2 e5 7.Be3 exd4 8.Nxd4 Re8
9.f3 c6 10.Qd2 d5 11.exd5 cxd5 12.O-O dxc4 13.Rad1 Qe7 14.Bf2 a6 15.Bxc4 Qc7
16.Bb3 Nc6 17.Nxc6 Qxc6 18.Rc1 Qd7 19.Qf4 b5 20.Ne4 Nxe4 21.Rc7 Be5 22.Bxf7+ Kg7
23.Rxd7 Bxf4 24.Bxe8+ Bxd7 25.Bd4+ Nf6 26.Bxd7 Rd8 27.Rd1 Kf7 28.Bxf6 Kxf6
29.Rd4  1/2-1/2

[Event "EuJun"]
[Site "Baku AZE"]
[Date "2002.07.22"]
[Round "9"]
[White "Kanep,M"]
[Black "Gasanov,E"]
[Result "1/2-1/2"]
[WhiteElo "2358"]
[BlackElo "2471"]

1.d4 Nf6 2.c4 g6 3.Nc3 Bg7 4.e4 d6 5.Nf3 O-O 6.Be2 e5 7.O-O Nh5 8.dxe5 dxe5
9.Bg5 Qxd1 10.Rfxd1 h6 11.Be3 Nf4 12.Bxf4 exf4 13.Nd5 Na6 14.Rab1 Re8 15.Nxf4 Rxe4
16.Rd8+ Kh7 17.g3 Bf6 18.Rd2 Bg4 19.Kg2 Rd8 20.Nd5 Bg7 21.Rbd1 c6 22.Ne3 Bxf3+
23.Kxf3 Rxd2 24.Rxd2 Rd4 25.Rxd4 Bxd4 26.Nd1 f5 27.g4 Nc5 28.gxf5 gxf5 29.b4 Nd7
30.Ne3 Kg6 31.h4 Kf6 32.Kf4 Be5+ 33.Kf3 Bc3 34.b5 Ne5+ 35.Kg3 Ng6 36.Ng2 Be5+
37.f4 Bc3 38.bxc6 bxc6 39.Bf3 c5 40.Bc6 Bd2 41.Bd7 Bc1 42.Bc8 Bd2 43.Bd7 Nf8
44.Bc8 Kg6 45.h5+ Kf6 46.Kf3 Bc1 47.Ke2 Ne6 48.Bxe6 Kxe6 49.Kd1 Bb2 50.Ne3 Bd4
51.Nd5 Kd6 52.Kc2 Bf2 53.Kb3 Bg3 54.Ka4 Kc6 55.Ne7+ Kb6 56.Nd5+ Ka6 57.Kb3 Ka5
58.Ka3 Bh2 59.Kb3 Bg3  1/2-1/2

[Event "Open"]
[Site "Bergen NOR"]
[Date "2002.07.22"]
[Round "3"]
[White "Ovsejevitsch,S"]
[Black "Gabrielsen,T"]
[Result "1-0"]
[WhiteElo "2528"]
[BlackElo "2223"]

1.d4 Nf6 2.c4 g6 3.Nc3 Bg7 4.e4 d6 5.Nf3 O-O 6.Be2 e5 7.O-O exd4 8.Nxd4 Re8
9.f3 Nc6 10.Nc2 Nh5 11.Be3 f5 12.Qd2 f4 13.Bxf4 Nxf4 14.Qxf4 Nd4 15.Nxd4 Bxd4+
16.Kh1 Be5 17.Qd2 Qf6 18.Nd5 Qg7 19.f4 Bxb2 20.e5 Bxa1 21.Nf6+ Qxf6 22.exf6 Bxf6
23.Bf3 Re7 24.g4 a5 25.h4 Ra6 26.f5 gxf5 27.gxf5 Rb6 28.Bd5+ Kh8 29.Qh6 Bg7
30.Qg5  1-0

[Event "Battle of Senta Open"]
[Site "Senta YUG"]
[Date "2002.07.22"]
[Round "6"]
[White "Stojanovic,Mih"]
[Black "Tadic,B"]
[Result "0-1"]
[WhiteElo "2463"]
[BlackElo "2465"]

1.d4 d6 2.Nf3 Nf6 3.c4 g6 4.Nc3 Bg7 5.e4 O-O 6.Be2 e5 7.d5 Na6 8.Bg5 h6 9.Bh4 Qe8
10.Nd2 h5 11.Rb1 Nh7 12.f3 Bh6 13.Bf2 c5 14.a3 f5 15.b4 b6 16.Nb3 cxb4 17.axb4 Nxb4
18.Ra1 Na6 19.O-O f4 20.Ra3 Qe7 21.Nb5 Nc5 22.Bxc5 bxc5 23.Na5 a6 24.Nc6 Qd7
25.Nc3 Bg5 26.Na4 Bd8 27.Qb3 g5 28.Rb1 g4 29.Nxd8 Qxd8 30.Qb6 Qe7 31.Qc6 Bd7
32.Qc7 Rfc8 33.Qb7 Qd8 34.Nb6 Rab8 35.Qxa6 Rc7 36.Rbb3 Be8 37.Na8 Rxb3 38.Rxb3 Rc8
39.Nb6 Rb8 40.fxg4 Nf6 41.g5 Nxe4 42.h4 Ng3 43.Bd1 Nf5 44.Qa7 Kh8 45.Nd7 Ra8
46.Rb8 Rxb8 47.Qxb8 Qxb8 48.Nxb8 Nxh4 49.Na6 Bg6 50.Nc7 Bd3  0-1

[Event "Lasker Mem Open"]
[Site "Barlinek POL"]
[Date "2002.07.23"]
[Round "5"]
[White "Gleizerov,E"]
[Black "Miroshnichenko,E"]
[Result "1/2-1/2"]
[WhiteElo "2576"]
[BlackElo "2525"]

1.d4 Nf6 2.c4 g6 3.Nc3 Bg7 4.e4 O-O 5.Nf3 d6 6.Be2 e5 7.O-O c6 8.d5 Na6 9.Be3 Ng4
10.Bg5 f6 11.Bc1 f5 12.Ne1  1/2-1/2

[Event "XVIII Open"]
[Site "Ferrol ESP"]
[Date "2002.07.23"]
[Round "7"]
[White "Rodriguez Lopez,R"]
[Black "Gomez Lopez,Rob"]
[Result "0-1"]
[WhiteElo "2273"]
[BlackElo "2132"]

1.Nf3 Nf6 2.c4 g6 3.Nc3 Bg7 4.e4 d6 5.d4 O-O 6.Be2 e5 7.Be3 Nc6 8.d5 Ne7
9.Nd2 Ne8 10.c5 f5 11.f3 b6 12.cxd6 Nxd6 13.Nc4 fxe4 14.fxe4 Nef5 15.exf5 Nxc4
16.Bf2 Nd6 17.fxg6 hxg6 18.O-O Bf5 19.a4 Qg5 20.Ra3 Rad8 21.Nb5 Rf7 22.Nxa7 Ne4
23.Be3 Qh4 24.Nc6 Re8 25.b4 Bf8 26.Qe1 Qh8 27.Bc1 Rh7 28.h3 Bd6 29.Raf3 Nf6
30.Bc4 e4 31.Rxf5 gxf5 32.Rxf5 Rg7 33.Rxf6 Qxh3 34.Qf1 e3 35.Rxd6 cxd6 36.Bb2 Rg3
37.Nd4 Re5 38.Be2 Re4 39.Nf3 Reg4 40.Ne1 Rh4  0-1

[Event "XVIII Open"]
[Site "Ferrol ESP"]
[Date "2002.07.25"]
[Round "9"]
[White "Fernandez Espana,G"]
[Black "Caneiro Couto,J"]
[Result "1/2-1/2"]
[WhiteElo "2055"]
[BlackElo "2138"]

1.d4 Nf6 2.c4 g6 3.Nc3 Bg7 4.e4 d6 5.Nf3 O-O 6.Be2 e5 7.d5 Nbd7 8.Bg5 h6
9.Bh4 a6 10.b4 Qe8 11.Nd2 Nh7 12.O-O h5 13.f3 Bh6 14.Nb3 Be3+ 15.Bf2 Bxf2+
16.Rxf2 Qe7 17.Qd2 Kg7 18.a4 h4 19.a5 Nhf6 20.f4 exf4 21.Qxf4 h3 22.Raf1 hxg2
23.Kxg2 Re8 24.c5 Nxe4 25.Qxf7+ Qxf7 26.Rxf7+ Kh6 27.R1f4 Ndxc5 28.bxc5 Nxc3
29.Bf3 Re5 30.cxd6 cxd6 31.Nd4 Nb5 32.Ne6 Bxe6 33.dxe6 Rxe6 34.Rh4+ Kg5 35.Rg4+ Kh6
36.Rb4 Kg5 37.Rg4+ Kh6 38.Rxb7 Rf8 39.Kg3 Rff6 40.Rh4+ Kg5 41.Rg4+ Kf5 42.Rf4+ Ke5
43.Re4+ Kd5 44.Rxe6+ Kxe6 45.Be2 Nc3 46.Bxa6 Ne4+ 47.Kg2 Rf2+ 48.Kg1 Rd2
49.Rb1 Ng5 50.Re1+ Kf5 51.Bc8+ Kf4 52.Ra1 Nf3+ 53.Kf1 Rxh2 54.Ra4+ Ke3 55.Ra3+ Ke4
56.a6 Nd2+ 57.Kg1 Nf3+ 58.Rxf3 Ra2 59.Rf6 d5 60.Bb7 Ke5 61.Rxg6 d4 62.Rg2 Ra1+
63.Kh2 d3 64.Rg1 Ra2+ 65.Kg3 Kd4 66.Kg4 d2 67.Rd1 Kd3 68.Kf3 Ra3 69.Kf2 Ra5
70.Bf3 Rxa6  1/2-1/2

[Event "KB Czech Open"]
[Site "Pardubice CZE"]
[Date "2002.07.25"]
[Round "7"]
[White "Pataki,G"]
[Black "Tratar,M"]
[Result "1/2-1/2"]
[WhiteElo "2319"]
[BlackElo "2466"]

1.d4 d6 2.Nf3 Nf6 3.c4 g6 4.Nc3 Bg7 5.e4 O-O 6.Be2 e5 7.d5 a5 8.Bg5 h6 9.Bh4 Na6
10.Nd2 Qe8 11.a3 Bd7 12.b3 Nh7 13.O-O h5 14.f3 Bf6 15.Bf2 Qe7 16.Kh1 Bg5
17.Rb1 h4 18.b4 b6 19.c5 bxc5 20.Bxa6 axb4 21.axb4 cxb4 22.Bb7 bxc3 23.Bxa8 Rxa8
24.Nc4 Ba4 25.Qd3 c2 26.Ra1 c1=Q 27.Rfxc1 Bxc1 28.Rxc1 h3 29.Ra1 hxg2+ 30.Kxg2 Qe8
31.Nb2 Bd7 32.Rxa8 Qxa8 33.Qc3 Qd8 34.Qc1 Bb5 35.Nd1 Kg7 36.Nc3 Bd7 37.f4 f6
38.Qe3 Qb8 39.Qa7 Qc8 40.Qe3 Qb8 41.Qa7 Qc8 42.Qe3 exf4 43.Qxf4 Bh3+ 44.Kg3 g5
45.Qf3 Bf1 46.Bd4 Qh3+ 47.Kf2 Qxf3+ 48.Kxf3 Nf8 49.Nb1 Nd7 50.Nd2 Bb5 51.Bc3 Ne5+
52.Kg3 f5 53.exf5 Kf6  1/2-1/2

[Event "KB Czech Open"]
[Site "Pardubice CZE"]
[Date "2002.07.26"]
[Round "8"]
[White "Zilberman,Y"]
[Black "Inarkiev,E"]
[Result "1/2-1/2"]
[WhiteElo "2443"]
[BlackElo "2545"]

1.d4 Nf6 2.Nf3 g6 3.c4 Bg7 4.Nc3 O-O 5.e4 d6 6.Be2 e5 7.d5 a5 8.Bg5 h6 9.Bh4 Na6
10.Nd2 Qe8 11.a3 Bd7 12.b3 Nh7 13.Rb1 h5 14.f3 Bh6 15.Bf2 Nc5 16.Qc2 Qe7
17.h4 f5 18.b4 axb4 19.axb4 Na4 20.Nb5 c6 21.Nc7 Rac8 22.Ne6 Rfe8 23.exf5 cxd5
24.fxg6 Nf6 25.Ng5 b5 26.Nf7 Bg7 27.O-O bxc4 28.Ra1 d4 29.Nxc4 d5 30.Rxa4 Bxa4
31.Qxa4 dxc4 32.Bg3 Nd5 33.Re1 Nc3 34.Qa5 d3 35.Bxd3 cxd3 36.Rxe5 Qxe5 37.Bxe5 d2
38.Bxg7 d1=Q+ 39.Kf2 Na2 40.Nh6+ Kxg7 41.Qa7+ Kf6 42.Qf7+ Ke5 43.Qf5+ Kd6
44.Nf7+ Kc6 45.Qc5+ Kd7 46.Qb5+ Ke7 47.Qe5+ Kd7 48.Qb5+ Rc6 49.Qb7+ Rc7 50.Qb5+ Ke7
51.Qe5+ Kd7 52.Qb5+ Rc6 53.Qb7+ Rc7  1/2-1/2

[Event "KB Czech Open"]
[Site "Pardubice CZE"]
[Date "2002.07.26"]
[Round "8"]
[White "Belov,Vl"]
[Black "Kislov,M"]
[Result "1-0"]
[WhiteElo "2510"]
[BlackElo "2390"]

1.d4 Nf6 2.c4 g6 3.Nc3 Bg7 4.e4 d6 5.Nf3 O-O 6.Be2 e5 7.Be3 Ng4 8.Bg5 f6
9.Bh4 Nc6 10.d5 Ne7 11.Nd2 Nh6 12.f3 Nf7 13.b4 f5 14.c5 a5 15.a3 g5 16.Bf2 Ng6
17.O-O h5 18.bxa5 Nf4 19.Nc4 g4 20.fxg4 Nxe2+ 21.Qxe2 f4 22.gxh5 Qg5 23.h4 Qe7
24.cxd6 Nxd6 25.Nxd6 cxd6 26.Be1 Bf6 27.Nb5 Kh8 28.Bb4 Ra6 29.Rac1 Rg8 30.Rc7 Bd7
31.Rxb7 Bxh4 32.Qb2 Bg3 33.Nxd6 Rxd6 34.Bxd6 Qxd6 35.Qb6 Qxb6+ 36.axb6 Bb5
37.Rc7 Ba6 38.b7 Bh4 39.Rf3 Bd8 40.b8=Q  1-0

[Event "2nd Summer Open"]
[Site "Savaria HUN"]
[Date "2002.07.26"]
[Round "1"]
[White "Horvath,Im"]
[Black "Babics,A"]
[Result "1-0"]
[WhiteElo "2271"]
[BlackElo "2247"]

1.d4 Nf6 2.Nf3 g6 3.c4 Bg7 4.Nc3 d6 5.e4 O-O 6.Be2 Nbd7 7.O-O e5 8.dxe5 dxe5
9.Qc2 c6 10.Bg5 h6 11.Bh4 Re8 12.Rad1 Qc7 13.b4 a5 14.a3 axb4 15.axb4 Nh5
16.Rfe1 g5 17.Bg3 Nxg3 18.hxg3 Nf8 19.c5 Be6 20.Ra1 Nd7 21.Na4 Ra7 22.Nb2 Rea8
23.Rxa7 Rxa7 24.Nc4 b6 25.cxb6 Nxb6 26.Na5 Qd6 27.Nxc6 Ra2 28.Qc5 Qxc5 29.bxc5 Nd7
30.Ne7+ Kf8 31.c6 Kxe7 32.cxd7 Kxd7 33.Bb5+ Ke7 34.Bc6 g4 35.Nh4 Kf6 36.Rd1 Bf8
37.Bd5 Bxd5 38.Rxd5 Ra1+ 39.Kh2 Ra2 40.Kg1 Ra4 41.f3 Ra2 42.Nf5 gxf3 43.gxf3 h5
44.Ne3 Re2 45.Nc4 Rc2 46.Nxe5  1-0

[Event "ch-TUR"]
[Site "Ankara TUR"]
[Date "2002.07.27"]
[Round "7"]
[White "Yeke,S"]
[Black "Arduman,C"]
[Result "1/2-1/2"]
[WhiteElo "2258"]
[BlackElo "2358"]

1.Nf3 Nf6 2.c4 g6 3.Nc3 Bg7 4.e4 d6 5.d4 O-O 6.Be2 e5 7.O-O Na6 8.Re1 Qe8
9.Bf1 Bg4 10.d5 Nb4 11.Be2 a5 12.a3 Na6 13.Nd2 Bd7 14.b3 Nc5 15.Rb1 Bh6 16.Bf1 Qe7
17.b4 axb4 18.axb4 Na4 19.Nxa4 Rxa4 20.Nf3 Bxc1 21.Qxc1 Rfa8 22.c5 Qe8 23.Nd2 Bb5
24.cxd6 cxd6 25.Qc7 Bxf1 26.Rxf1 Qd8 27.Qxb7 Rb8 28.Qc6 Raxb4 29.Rxb4 Rxb4
30.Ra1 Rb8 31.f3 Rc8 32.Qa6 Qc7 33.h3 Nh5 34.Kh2 Kg7 35.Ra2 Rd8 36.Qa7 Rc8
37.Qa6 Rd8  1/2-1/2

[Event "Macedonian Open"]
[Site "Struga MKD"]
[Date "2002.07.27"]
[Round "8"]
[White "Ivanov,Iv"]
[Black "Menkinovski,R"]
[Result "1/2-1/2"]
[WhiteElo "2093"]
[BlackElo "2212"]

1.Nf3 Nf6 2.c4 g6 3.Nc3 Bg7 4.e4 d6 5.d4 O-O 6.Be2 e5 7.O-O Qe8 8.dxe5 dxe5
9.Be3 b6 10.h3 Bb7 11.Qc2 Nc6 12.Nd5 Rc8 13.Rfd1 Nd4 14.Nxd4 exd4 15.Bxd4 Nxe4
16.Bxg7 Kxg7 17.Bf3 Bxd5 18.Rxd5 c6 19.Rd3 Nc5 20.Re3  1/2-1/2

[Event "Lost Boys Open"]
[Site "Amsterdam NED"]
[Date "2002.07.28"]
[Round "3"]
[White "Peek,Mar"]
[Black "De Saegher,C"]
[Result "1-0"]
[WhiteElo "2345"]
[BlackElo "2217"]

1.d4 Nf6 2.Nf3 g6 3.c4 Bg7 4.Nc3 O-O 5.e4 d6 6.Be2 e5 7.O-O exd4 8.Nxd4 Re8
9.f3 Nc6 10.Be3 Nh5 11.Qd2 Nf4 12.Rfd1 Nxd4 13.Bxd4 Nxe2+ 14.Nxe2 Qe7 15.Nc3 f5
16.Nd5 Qf7 17.Bxg7 Kxg7 18.Qc3+ Kh6 19.exf5 Bxf5 20.g4 c6 21.g5+ Kxg5 22.Qd2+ Kh5
23.h4 h6 24.Nf4+ Kxh4 25.Kf2 Bg4 26.Ng2+  1-0

[Event "ch-TUR"]
[Site "Ankara TUR"]
[Date "2002.07.28"]
[Round "8"]
[White "Olcayoz,A"]
[Black "Can,E"]
[Result "1-0"]
[WhiteElo "2312"]
[BlackElo "2014"]

1.d4 Nf6 2.Nf3 g6 3.c4 Bg7 4.Nc3 O-O 5.e4 d6 6.Be2 Nbd7 7.O-O e5 8.dxe5 dxe5
9.Be3 c6 10.Nd2 Qc7 11.b4 Rd8 12.Qc2 Nf8 13.Rfd1 Ne6 14.Nb3 Bd7 15.Nc5 Nxc5
16.Bxc5 Bf8 17.Na4 Bxc5 18.Nxc5 b6 19.Nxd7 Rxd7 20.Rxd7 Nxd7 21.c5 bxc5 22.bxc5 Qa5
23.Rc1 Rb8 24.g3 Rb4 25.Bc4 Qxc5 26.a3 Rb6 27.Bxf7+ Kxf7 28.Qa2+ Ke7 29.Rxc5 Nxc5
30.Qg8 Ne6 31.Qxh7+ Kd6 32.Qxa7  1-0

[Event "ch-TUR"]
[Site "Ankara TUR"]
[Date "2002.07.28"]
[Round "8"]
[White "Ataman,A"]
[Black "Kilicaslan,H"]
[Result "0-1"]
[WhiteElo "2156"]
[BlackElo "2260"]

1.d4 Nf6 2.c4 g6 3.Nc3 Bg7 4.e4 d6 5.Nf3 O-O 6.Be2 e5 7.O-O exd4 8.Nxd4 Re8
9.f3 Nc6 10.Be3 Nh5 11.Nd5 Nxd4 12.Bxd4 c6 13.Bxg7 Nxg7 14.Nc3 Qb6+ 15.Kh1 Qxb2
16.Rc1 Qa3 17.f4 f5 18.Rf3 Qc5 19.Rd3 fxe4 20.Rxd6 Qf2 21.Rf6 Bf5 22.g4 Rad8
23.Rd6 Rxd6 24.Qxd6 Bc8 25.c5 Qe3 26.Rc2 Be6 27.Nd1 Qh3 28.Nf2 Qh4 29.Qd4 e3
30.Ne4 Bd5 31.Bc4 Qe1+ 32.Kg2 e2 33.Bxd5+ cxd5 34.Qxd5+ Kh8 35.Ng3 Qd1  0-1

[Event "Open"]
[Site "Bergen NOR"]
[Date "2002.07.28"]
[Round "9"]
[White "Valaker,O"]
[Black "Gabrielsen,T"]
[Result "1/2-1/2"]
[WhiteElo "2144"]
[BlackElo "2223"]

1.d4 Nf6 2.Nf3 g6 3.c4 Bg7 4.Nc3 O-O 5.e4 d6 6.Be2 e5 7.O-O exd4 8.Nxd4 Re8
9.f3 Nc6 10.Nc2 Nh5 11.g4 Be5 12.gxh5 Bxh2+ 13.Kxh2 Qh4+ 14.Kg1 Qg3+ 15.Kh1 Re5
16.f4 Qh3+ 17.Kg1 Qg3+ 18.Kh1 Rxh5+ 19.Bxh5 Qh3+ 20.Kg1 Qg3+ 21.Kh1 Qh3+
22.Kg1 Qg3+ 23.Kh1 Qh3+  1/2-1/2

[Event "Somes Open"]
[Site "Satu-Mare ROM"]
[Date "2002.07.28"]
[Round "3"]
[White "Szabo,At"]
[Black "Ardelean,G"]
[Result "1/2-1/2"]
[WhiteElo "2274"]
[BlackElo "2444"]

1.Nf3 Nf6 2.c4 g6 3.Nc3 Bg7 4.d4 O-O 5.e4 d6 6.Be2 Nbd7 7.O-O e5 8.dxe5 dxe5
9.Qc2 c6 10.Rd1 Qc7 11.b3 Re8 12.Ba3 Bf8 13.Bxf8 Nxf8 14.h3  1/2-1/2

[Event "7th Open"]
[Site "Creon FRA"]
[Date "2002.07.29"]
[Round "2"]
[White "Grooten,H"]
[Black "Jaureguiberry,C"]
[Result "1-0"]
[WhiteElo "2375"]
[BlackElo "2196"]

1.d4 Nf6 2.c4 g6 3.Nc3 Bg7 4.e4 d6 5.Nf3 O-O 6.Be2 e5 7.Be3 exd4 8.Nxd4 Re8
9.f3 c6 10.Bf2 d5 11.exd5 cxd5 12.c5 Nc6 13.O-O Nh5 14.Qd2 Be5 15.g3 Bg7
16.Rad1 Be6 17.Ncb5 Bf8 18.Rc1 a6 19.Nxc6 bxc6 20.Nd4 Bd7 21.b4 Ng7 22.Rc3 Nf5
23.Ra3 Bh6 24.f4 Qc8 25.Re1 Re4 26.Bf3 Rxe1+ 27.Qxe1 Bg7 28.Qd2 Qe8 29.Kf1 Qe7
30.Qe2 Qf6 31.Nxf5 Qxf5 32.Rxa6 Qb1+ 33.Kg2 Re8 34.Qd1 Qxb4 35.Ra7 Bf5 36.Qa4 Qxa4
37.Rxa4 Be4 38.Ra6 Bxf3+ 39.Kxf3 Rc8 40.a4 Kf8 41.a5 Ke8 42.Ra7 Bf6 43.a6 Bd8
44.Bd4 Bc7 45.Rb7  1-0

[Event "6th Open"]
[Site "Korinthos GRE"]
[Date "2002.07.30"]
[Round "8"]
[White "Kosic,D"]
[Black "Markidis,K"]
[Result "1-0"]
[WhiteElo "2537"]
[BlackElo "2362"]

1.d4 Nf6 2.Nf3 g6 3.c4 Bg7 4.Nc3 O-O 5.e4 d6 6.Be2 e5 7.Be3 h6 8.O-O Ng4
9.Bc1 Na6 10.h3 Nf6 11.dxe5 dxe5 12.Be3 Qe8 13.Nd2 b6 14.a3 Nc5 15.Nd5 Qd8
16.Bxc5 bxc5 17.b4 Qd6 18.Qa4 Nd7 19.Nb3 Kh7 20.Qa5 c6 21.bxc5 Qb8 22.Rfb1 cxd5
23.Nd2 Nb6 24.cxd5 Bxh3 25.gxh3 f5 26.cxb6 Qd8 27.Bf1 axb6 28.Qc3 Rf7 29.Bg2 Bf8
30.Ra2 Rc8 31.Qd3 Qg5 32.Rc2 Rxc2 33.Qxc2 Bxa3 34.Rxb6  1-0

[Event "Lost Boys Open"]
[Site "Amsterdam NED"]
[Date "2002.07.31"]
[Round "6"]
[White "Martinez Rodriguez,P"]
[Black "Van Delft,M"]
[Result "1/2-1/2"]
[WhiteElo "2222"]
[BlackElo "2340"]

1.d4 Nf6 2.c4 g6 3.Nc3 Bg7 4.e4 d6 5.Nf3 O-O 6.Be2 e5 7.d5 a5 8.Bg5 h6 9.Bh4 Na6
10.Nd2 h5 11.O-O Bh6 12.Nf3 Kg7 13.a3 Qe8 14.Bxf6+ Kxf6 15.b4 Bd7 16.Rb1 axb4
17.axb4 Kg7 18.c5 Nb8 19.Nd2 Qe7 20.Nc4 Be8 21.b5 dxc5 22.d6 cxd6 23.Qxd6 Qxd6  1/2-1/2

[Event "Lost Boys Open"]
[Site "Amsterdam NED"]
[Date "2002.07.31"]
[Round "6"]
[White "Janssen,R"]
[Black "Vedder,R"]
[Result "1-0"]
[WhiteElo "2468"]
[BlackElo "2232"]

1.Nf3 Nf6 2.c4 g6 3.Nc3 Bg7 4.e4 d6 5.d4 O-O 6.Be2 e5 7.O-O Na6 8.Be3 Ng4
9.Bg5 Qe8 10.dxe5 dxe5 11.h3 f6 12.Bd2 Nh6 13.Be3 c6 14.c5 Nf7 15.Bxa6 bxa6
16.Nd2 Rb8 17.b3 f5 18.f3 f4 19.Bf2 Be6 20.Qe2 Qc8 21.Nc4 g5 22.Rfd1 h5 23.Nd6 Nxd6
24.Rxd6 Re8 25.Na4 g4 26.Bh4 Bf8 27.Rd3 g3 28.Rad1 Qc7 29.R3d2 Qa5 30.Kh1 Kf7
31.Qd3 Be7 32.Bxe7 Rxe7 33.Qc2 Rbb7 34.Rd6 Qb5 35.Qc3 Bc8 36.Nb2 Rbd7 37.Nd3 Rxd6
38.cxd6 Re6 39.a4 Qb6 40.Nxe5+ Kg8 41.d7  1-0

[Event "Lost Boys Open"]
[Site "Amsterdam NED"]
[Date "2002.07.31"]
[Round "6"]
[White "Konings,L"]
[Black "Roebers,J"]
[Result "1/2-1/2"]
[WhiteElo "2318"]
[BlackElo "2250"]

1.d4 Nf6 2.c4 g6 3.Nc3 Bg7 4.e4 d6 5.Be2 O-O 6.Nf3 Na6 7.O-O e5 8.Bg5 Qe8
9.d5 Nc5 10.Nd2 a5 11.b3 h6 12.Bh4 Bd7 13.a3 Nh7 14.Nb5 Bxb5 15.cxb5 Nxe4
16.Nxe4 f5 17.Rc1 Qd7 18.Nd2 g5 19.Bg3 f4 20.Bg4 Qxb5 21.Be6+ Kh8 22.Rxc7 fxg3
23.hxg3 Nf6 24.Qc2 Nxd5 25.a4 Nxc7 26.axb5 Nxe6 27.Qe4 Nc5 28.Qd5 Rad8 29.Nc4 Rd7
30.Nxa5 e4 31.b4 Nd3 32.Qxe4 Ne5 33.Qd5 Rf5 34.Rc1 Nf3+ 35.Qxf3 Rxf3 36.gxf3 d5
37.Kf1 h5 38.b6 Bd4 39.Nxb7 Bxb6 40.Rc8+ Kh7 41.Nc5 Rd6 42.Nd3 h4 43.gxh4 gxh4
44.Kg2 Bd4 45.Kh3 Bf6 46.Rc7+ Kh6 47.b5 Kg5 48.Rc6 Rd8 49.Nc5 Kf5 50.b6 Be5
51.Rh6 Rc8 52.Nd7 Bf4 53.b7 Rd8 54.Rxh4 d4 55.Nc5 Bc7 56.Nd3 Rb8 57.Rxd4 Rxb7
58.f4 Rb3 59.Kg3 Bb6 60.Rd6 Bc7 61.Rd7 Bb6 62.Rd6 Bc7 63.Rd7 Bxf4+ 64.Kf3 Bb8
65.Rd5+ Kf6 66.Ke4 Ra3 67.Rf5+ Kg6 68.Rb5 Ra4+ 69.Kd5 Bh2 70.Rb6+ Kf5 71.Rb7 Ra3
72.Nc5 Bg1 73.Rf7+ Kg6 74.Rf8 Kh7 75.Ke6 Ra2 76.Ne4 Ra6+ 77.Kf5 Bxf2 78.Rf7+ Kg8
79.Rc7 Bh4  1/2-1/2

[Event "7th Open"]
[Site "Creon FRA"]
[Date "2002.07.31"]
[Round "5"]
[White "Gozzoli,Y"]
[Black "Sanchez,N"]
[Result "1-0"]
[WhiteElo "2373"]
[BlackElo "2158"]

1.Nf3 Nf6 2.c4 g6 3.Nc3 d6 4.d4 Bg7 5.e4 O-O 6.Be2 e5 7.O-O Na6 8.Be3 exd4
9.Nxd4 Nc5 10.f3 a5 11.Ndb5 Qe7 12.Qd2 Be6 13.Rac1 Rfd8 14.Rfd1 Ne8 15.Bf1 c6
16.Nd4 Nf6 17.g3 h5 18.Re1 Re8 19.Rcd1 Rad8 20.Nxe6 fxe6 21.e5 dxe5 22.Qf2 Nfd7
23.Bd3 Kh7 24.Bb1 Rf8 25.Qc2 Qf7 26.Rd6 e4 27.Nxe4 Nxe4 28.Qxe4 Ne5 29.Rxd8 Nxf3+
30.Kh1 Nxe1 31.Rxf8 Bxf8 32.Bf4 e5 33.Qxe5 Nf3 34.Qxh5+ Kg7 35.Qxf3 Qxc4
36.Qc3+  1-0

[Event "ch-BEL"]
[Site "Geel BEL"]
[Date "2002.07.31"]
[Round "5"]
[White "Goormachtigh,J"]
[Black "Meessen,R"]
[Result "1-0"]
[WhiteElo "2291"]
[BlackElo "2307"]

1.d4 Nf6 2.c4 g6 3.Nc3 Bg7 4.e4 d6 5.Be2 O-O 6.Nf3 e5 7.Be3 Na6 8.O-O Ng4
9.Bg5 Qe8 10.dxe5 dxe5 11.h3 f6 12.Bc1 Nh6 13.Be3 c6 14.c5 Nc7 15.Nd2 Nf7
16.Nc4 f5 17.exf5 gxf5 18.f4 exf4 19.Bxf4 Nd5 20.Nxd5 cxd5 21.Nd6 Nxd6 22.Bxd6 Qe3+
23.Kh1 Be6 24.Bf3 Qh6 25.Bxf8 Kxf8 26.Bg4 d4 27.Bxf5 Bf7 28.Qf3 Be5 29.Bd3  1-0

[Event "6th Open"]
[Site "Korinthos GRE"]
[Date "2002.07.31"]
[Round "9"]
[White "Simeonidis,I"]
[Black "Koukoufikis,G"]
[Result "1-0"]
[WhiteElo "2313"]
[BlackElo "2142"]

1.d4 g6 2.e4 Bg7 3.c4 d6 4.Nc3 Nf6 5.Nf3 O-O 6.Be2 e5 7.O-O Nbd7 8.Be3 c6
9.d5 c5 10.Ne1 Ne8 11.g4 f5 12.gxf5 gxf5 13.exf5 Nb6 14.Nf3 Bxf5 15.Ng5 Nf6
16.Kh1 Qe7 17.Rg1 Kh8 18.Qd2 a6 19.Rg3 Bh6 20.Rag1 Rg8 21.b3 Nbd7 22.Rf3 Bg6
23.Rh3 Bxg5 24.Bxg5 Qe8 25.Qe3 Qf7 26.Rh4 Rae8 27.Qh3 Bc2 28.Rg3 Rg7 29.Bh6 Rxg3
30.hxg3 Qg6 31.Be3 Rg8 32.Qe6 Ne4  1-0

[Event "Lost Boys Open"]
[Site "Amsterdam NED"]
[Date "2002.08.01"]
[Round "7"]
[White "Werle,J"]
[Black "Shchekachev,A"]
[Result "1/2-1/2"]
[WhiteElo "2443"]
[BlackElo "2546"]

1.Nf3 Nf6 2.c4 g6 3.Nc3 Bg7 4.e4 d6 5.d4 O-O 6.Be2 Na6 7.O-O e5 8.Be3 Ng4
9.Bg5 Qe8 10.dxe5 dxe5 11.h3 h6 12.Bd2 Nf6 13.Be3 Qe7 14.a3 c6 15.b4 Rd8
16.Qc2 Nh5 17.c5 Nc7 18.Rad1 Rf8 19.Qd2 Nf4 20.Qd6 Nxe2+ 21.Nxe2 Re8 22.Qxe7 Rxe7
23.Rd8+ Re8 24.Rxe8+ Nxe8 25.Nc3 Nc7 26.Nd2 Be6 27.Rb1 f5 28.f3 Rd8 29.Nf1 Rd3
30.Bd2 Bf7 31.Kf2 Nb5 32.Nxb5 cxb5 33.Ra1 Be8 34.Ke2 fxe4 35.Ng3 Bc6 36.Nxe4 Rb3
37.Bc1 Bd5 38.Kd1 Rd3+ 39.Ke2 Bc4 40.Ke1 a6 41.Bd2 Kf7 42.a4 Ke7 43.axb5 Bxb5
44.Rc1 Bc6 45.Nd6 Ke6 46.Bc3 Bf8 47.Ke2 Rd5 48.Ne4 Bb5+ 49.Kf2 Rd3 50.Bd2 Bc6
51.Bc3 Be7 52.Ke2 Bb5 53.Kf2 Bh4+ 54.g3 Be7 55.Bd2 Bf8 56.Rc3 Kd5 57.Rxd3+ Bxd3
58.Nf6+ Kd4 59.Nd7 Bg7 60.Nb6 Bf5 61.g4 Be6 62.Ke2 e4 63.Be3+ Kc3 64.Bd2+ Kc2
65.fxe4 h5 66.Nd5 hxg4 67.Ne3+ Kb3 68.hxg4 Bc3 69.Bxc3 Kxc3 70.Nd5+ Kd4 71.Kf3 Bxd5
72.exd5 Kxd5 73.Kf4 Kc4 74.Kg5 Kxb4 75.Kxg6 a5 76.Kf5 a4 77.c6 bxc6 78.g5 a3
79.g6 a2 80.g7 a1=Q 81.g8=Q Qd4 82.Qb8+ Kc4 83.Qa8 Qd5+ 84.Kf4 Kb3 85.Ke3 Qd6
86.Qb7+ Kc3 87.Qg7+ Kc4 88.Qf7+ Qd5 89.Qf1+ Kb4 90.Qe1+ Kb5 91.Qb1+ Kc5 92.Qa1 Kb6
93.Qa8 Kb5 94.Qb7+ Kc4 95.Qa6+ Qb5 96.Qa1 Qb3+ 97.Kf4 c5 98.Qa6+ Kc3 99.Qf6+ Kd3
100.Qd6+ Kc4 101.Qe6+ Kc3 102.Qf6+ Kd3 103.Qd6+ Kc4 104.Qe6+ Kb4 105.Qb6+ Kc4
106.Qe6+ Kc3 107.Qf6+ Kc2 108.Qf5+ Kc3 109.Qxc5+ Qc4+  1/2-1/2

[Event "7th Open"]
[Site "Creon FRA"]
[Date "2002.08.02"]
[Round "7"]
[White "Dumitrache,D"]
[Black "Badea,B"]
[Result "1/2-1/2"]
[WhiteElo "2504"]
[BlackElo "2474"]

1.d4 g6 2.c4 Bg7 3.Nc3 d6 4.Nf3 Nd7 5.e4 e5 6.Be2 Ngf6 7.O-O O-O 8.Be3 Re8
9.d5 Ng4 10.Bd2 a5 11.a3 Nc5 12.b4 axb4 13.axb4 Rxa1 14.Qxa1 Nb3 15.Qd1 Nxd2
16.Nxd2 Qh4 17.h3 Nh6 18.c5 Qe7 19.c6 f5 20.Qa4 fxe4 21.Ndxe4 Nf5 22.cxb7 Bxb7
23.Qa7 Bc8 24.Ba6 Bxa6 25.Qxa6 Nd4 26.Ra1 Rf8 27.Qc4 Rf7 28.b5 Bf8 29.Ra7 Qd8
30.Qa4 Qh4 31.Qd1 Nxb5 32.Nxb5 Qxe4 33.Rxc7 Rf4 34.g3 Rf6 35.h4 Qb4 36.Nc3 Rxf2
37.Kxf2 Qb6+ 38.Kg2 Qxc7 39.Ne4 Qc4 40.Nf6+ Kg7 41.Ng4 h5 42.Ne3 Qd4 43.Qf3 Be7
44.Kh3 Bd8 45.Nc2 Qc4 46.Na3 Qc5 47.Qb3 Qc1 48.Kg2 Qd2+ 49.Kf3 Qe1 50.Qb7+ Kh6
51.Qb8 Qd1+ 52.Kf2 Qd2+ 53.Kg1 Bf6 54.Qxd6 Bg7 55.Qc5 e4 56.Nc2 Qc1+ 57.Kg2 Qd2+
58.Kh1 Kh7 59.d6 Qc1+ 60.Kg2 e3 61.d7 Qd2+ 62.Kf3 Qd1+ 63.Kg2 Qd2+ 64.Kf3 Qd1+
65.Kg2 e2 66.Qc7 Qf1+ 67.Kh2 Qf2+ 68.Kh1 Qf3+ 69.Kh2 Qf2+ 70.Kh1  1/2-1/2